Statistics for N-el kezdődő országok

Click here to take the quiz!

General Stats

  • This quiz has been taken 9 times
  • The average score is 6 of 8

Answer Stats

Ország% Correct
Norvégia
100%
Namíbia
83%
Németország
83%
Nepál
83%
Niger
83%
Nigéria
83%
Nicaragua
67%
Nauru
33%

Score Distribution

Percentile by Number Answered

Percent of People with Each Score

Your Score History

You have not taken this quiz